| 000 | 00529nam a2200169 i 4500 | ||
|---|---|---|---|
| 001 | 58759 | ||
| 003 | ES-MaACL | ||
| 005 | 20230906163859.0 | ||
| 007 | t| | ||
| 008 | 031024s1967 sp ||||1| spa d | ||
| 100 | 1 |
_aDuthil, Jean. _946355 |
|
| 245 | 1 | 0 |
_aProducción de forrages / _cpor Jean Duthil ; versión y notas de Juan Ignacio de la Vega. |
| 260 |
_aMadrid : _bMundi-Prensa, _c1967. |
||
| 300 |
_a373 p. : _bil. ; _c22 cm. |
||
| 700 | 1 |
_aVega de Luque, Juan Ignacio de la. _9113595 |
|
| 852 |
_aES-MaACL _jC-32585 _bR.63408 |
||
| 999 |
_c58759 _d58759 |
||